| 000 | 01964nam0a2200349 4500 | ||
|---|---|---|---|
| 001 | RU\NLR\bibl\1928943 | ||
| 005 | 20250630113900.0 | ||
| 010 |
_a978-5-17-026851-1 _91500 |
||
| 021 |
_aRU _b2012-50500 _93691 |
||
| 035 | _a(NLR Aleph) 001918313 | ||
| 090 |
_a3271131 _c3271131 |
||
| 100 | _a20120726d2012 |||y0rusy50 ca | ||
| 101 | 1 |
_arus _ceng |
|
| 102 | _aRU | ||
| 105 | _ay ||||||||| | ||
| 200 | 1 |
_aОслепленные страстью _e[сборник _fпер. с англ. Т.А. Перцевой] |
|
| 210 |
_aМосква _cАСТ _cАстрель _aВладимир _cВКТ _d2012 |
||
| 215 |
_a379,[3] с. _d17 |
||
| 225 | 1 | _aОчарование | |
| 225 | 1 | _aМиниШарм | |
| 300 | _aНа обл. авт.: Бертрис Смолл, Сьюзен Джонсон, Тия Дивайн, Робин Шоун | ||
| 327 | 1 | _aСодерж.: Укрощение леди Люсинды / Б. Смолл. Рискуя всем / С. Джонсон. Игра наслаждения / Т. Дивайн. Мужчина и женщина / Р. Шоун | |
| 464 | 0 |
_12001#$aУкрощение леди Люсинды _1700#1$3RU\NLR\AUTH\77816$aСмолл$bБ.$f1937-2015$gБертрис$4070 _tУкрощение леди Люсинды _aСмолл, Бертрис (1937-2015) |
|
| 464 | 0 |
_12001#$aРискуя всем _1700#1$aДжонсон$bС.$cавтор романов$f1939-$gСьюзен$3RU\NLR\AUTH\770247509$4070 _tРискуя всем _aДжонсон, Сьюзен (автор романов ; 1939-) |
|
| 464 | 0 |
_12001#$aИгра наслаждения _1700#1$aДивайн$bТ.$gТия$4070 _tИгра наслаждения _aДивайн, Тия |
|
| 464 | 0 |
_12001#$aМужчина и женщина _1700#1$aШоу$bР.$gРобин$4070 _tМужчина и женщина _aШоу, Робин |
|
| 801 | 0 |
_aRU _bNLR _c20120726 _gRCR |
|
| 801 | 1 |
_aRU _bNLR _c20120726 |
|
| 942 | _cBOOK | ||
| 980 | _aNB | ||